Morceaux de Kendrick Lamar - Mort Subite - Statistiques

Statistiques générales
  • Ce quiz a été pris 457 fois
  • Le résultat moyen est 10 sur 16
Answers on the Grid
Answers color-coded by a green-red scale on the quiz's grid according to % correct below.
Alright
Sing About Me, I'm Dying of Thirst
DNA.
Untitled 02 | 06.23.2014
Wesley's Theory
PRIDE.
The Art of Peer Pressure
Black Boy Fly
u
HiiiPoWeR
Keisha’s Song (Her Pain)
Cartoons & Cereal
These Walls
Institutionalized
The Heart Part 4
BLOOD.
Glass Ceilings & Gold Chains
Holy Water, Dirty Hands
Mama’s Mirror
Chapter 8: Still Breathing
No Church in My Section
The Ego Interlude
Redemption Ain’t Free
My Father’s Shadow
Black Skin, White Noise
Hunger Talk
Dreams Don’t Cry
Poetry for the Paranoid
Bulletproof Blues
Laugh Now, Burn Later
When the Trumpets Sleep
Sundays in Compton
 
Statistiques - réponses
Réponse % Correct
PRIDE.
86%
DNA.
85%
Alright
81%
BLOOD.
75%
The Heart Part 4
70%
u
70%
Untitled 02 | 06.23.2014
70%
Wesley's Theory
67%
These Walls
61%
Sing About Me, I'm Dying of Thirst
60%
The Art of Peer Pressure
55%
Institutionalized
54%
HiiiPoWeR
48%
Keisha’s Song (Her Pain)
40%
Black Boy Fly
29%
Cartoons & Cereal
24%
Aucun quiz correspondant
Distribution des résultats
% des personnes avec chaque résultat
Percentile par nombre de réponses
Votre historique - résultats
Vous n’avez pas pris ce quiz